ARRUPE JESUIT UNIVERSITY

CORONAVIRUS -STOP THE SPREAD - CLEAN,DISINFECT,COVER

Papal economics : (Record no. 121131)

MARC details
000 -LEADER
fixed length control field 02596cam a2200445 i 4500
001 - CONTROL NUMBER
control field 10453977
003 - CONTROL NUMBER IDENTIFIER
control field ARRUPE
005 - DATE AND TIME OF LATEST TRANSACTION
control field 20141017173834.0
008 - FIXED-LENGTH DATA ELEMENTS--GENERAL INFORMATION
fixed length control field 110414s2013 deu b 001 0 eng
010 ## - LIBRARY OF CONGRESS CONTROL NUMBER
LC control number 2013020661
020 ## - INTERNATIONAL STANDARD BOOK NUMBER
International Standard Book Number 9781933859972 (hardback)
020 ## - INTERNATIONAL STANDARD BOOK NUMBER
International Standard Book Number 1933859970 (hardback)
024 ## - OTHER STANDARD IDENTIFIER
Standard number or code 99955006551
035 ## - SYSTEM CONTROL NUMBER
System control number (OCoLC)ocn852745702
035 ## - SYSTEM CONTROL NUMBER
System control number (OCoLC)852745702
035 ## - SYSTEM CONTROL NUMBER
System control number (NNC)10453977
040 ## - CATALOGING SOURCE
Original cataloging agency DLC
Description conventions rda
Language of cataloging eng
Transcribing agency DLC
Modifying agency YDX
-- OCLCO
-- CUI
-- EMT
-- YDXCP
042 ## - AUTHENTICATION CODE
Authentication code pcc
050 00 - LIBRARY OF CONGRESS CALL NUMBER
Classification number BX1795.E27
Item number Z54 2013
082 00 - DEWEY DECIMAL CLASSIFICATION NUMBER
Classification number 261.8/5088282
Edition number 23
084 ## - OTHER CLASSIFICATION NUMBER
Classification number BUS008000
-- REL010000
Source of number bisacsh
300 ## - PHYSICAL DESCRIPTION
Dimensions 22 cm.
100 1# - MAIN ENTRY--PERSONAL NAME
Personal name Zięba, Maciej,
Relator term author.
9 (RLIN) 12215
245 10 - TITLE STATEMENT
Title Papal economics :
Remainder of title the Catholic Church on democratic capitalism, from Rerum novarum to Caritas in veritate /
Statement of responsibility, etc Maciej Ziȩba, OP.
300 ## - PHYSICAL DESCRIPTION
Extent xxi, 239 pages ;
490 1# - SERIES STATEMENT
Series statement Culture of enterprise
504 ## - BIBLIOGRAPHY, ETC. NOTE
Bibliography, etc Includes bibliographical references and index.
505 0# - FORMATTED CONTENTS NOTE
Formatted contents note Capitalism, freedom, and truth -- A brief history of democratic capitalism in Catholic social teaching -- Political community -- Economic life -- The primacy of culture -- From Centesimus annus to Caritas in veritate.
520 ## - SUMMARY, ETC.
Summary, etc "The Church and the MarketIn Papal Economics, Maciej Zieba, OP, takes readers on an enlightening tour through the Catholic Church's social teaching regarding democratic capitalism. Father Zieba analyzes the popes' social encyclicals from Leo XIII's Rerum Novarum (1891), through John Paul II's Centesimus Annus a century later, and finally to Benedict XVI's Caritas in Veritate (2009).While demonstrating the remarkable continuity among the popes over the course of 120 years, Papal Economics also reveals that the Church's teaching has evolved in certain key respects--particularly in its judgment on socialism"--Provided by publisher.
520 ## - SUMMARY, ETC.
Summary, etc "A historical exploration of economic theory as described by papal encyclicals through the centuries, especially as they relate to capitalism, socialism, labor, and morality"--Provided by publisher.
610 20 - SUBJECT ADDED ENTRY--CORPORATE NAME
Corporate name or jurisdiction name as entry element Catholic Church
General subdivision Doctrines.
9 (RLIN) 12216
650 #0 - SUBJECT ADDED ENTRY--TOPICAL TERM
Topical term or geographic name as entry element Economics
General subdivision Religious aspects
-- Catholic Church.
9 (RLIN) 7357
650 #0 - SUBJECT ADDED ENTRY--TOPICAL TERM
Topical term or geographic name as entry element Capitalism
General subdivision Religious aspects
-- Catholic Church.
9 (RLIN) 6845
650 #0 - SUBJECT ADDED ENTRY--TOPICAL TERM
Topical term or geographic name as entry element Democracy
General subdivision Religious aspects
-- Catholic Church.
9 (RLIN) 12217
650 #7 - SUBJECT ADDED ENTRY--TOPICAL TERM
Topical term or geographic name as entry element BUSINESS & ECONOMICS / Business Ethics.
Source of heading or term bisacsh
9 (RLIN) 12218
650 #7 - SUBJECT ADDED ENTRY--TOPICAL TERM
Topical term or geographic name as entry element RELIGION / Christianity / Catholic.
Source of heading or term bisacsh
9 (RLIN) 12219
830 #0 - SERIES ADDED ENTRY--UNIFORM TITLE
Uniform title Culture of enterprise series.
9 (RLIN) 12220
942 ## - ADDED ENTRY ELEMENTS (KOHA)
Source of classification or shelving scheme Library of Congress Classification
Koha item type Monograph ( Printed materials)
948 1# - LOCAL PROCESSING INFORMATION (OCLC); SERIES PART DESIGNATOR (RLIN)
Series part designator, SPT (RLIN) 20131021
b (OCLC) c
c (OCLC) sl13
d (OCLC) MPS
Holdings
Withdrawn status Lost status Source of classification or shelving scheme Damaged status Not for loan Collection code Home library Current library Shelving location Date acquired Total Checkouts Full call number Barcode Date last seen Date checked out Price effective from Koha item type
    Library of Congress Classification     Main Collection ARRUPE LIBRARY ARRUPE LIBRARY Main Collection 17/10/2014 2 BX1795.E27 Z54 2013 46500003796 22/11/2017 18/10/2017 17/10/2014 Monograph ( Printed materials)

 

Arrupe Library. PO Box MP320 Mt Pleasant, Harare, Zimbabwe
263 242 745411|librarian@aju.ac.zw